How important are automatic stabilizers in Europe? <a> stochatic simulation assessment

Gespeichert in:
Bibliographische Detailangaben
1. Verfasser: Barrell, Ray
Weitere Verfasser: Pina, Álvaro M.
Format: Buch
Sprache:Englisch
Veröffentlicht: San Domenico (FI) European University Institute 2000
Schriftenreihe:EUI Working paper ECO No. 2002/2
Schlagworte:
Tags: Tag hinzufügen
Keine Tags, Fügen Sie das erste Tag hinzu!

MARC

LEADER 00000nam a2200000 4500
001 c133114
005 20221123132858.9
041 0 |a eng 
044 |a IT 
245 1 0 |a How important are automatic stabilizers in Europe?  |b <a> stochatic simulation assessment  |c Ray Barrell, Álvaro M. Pina 
264 1 |a San Domenico (FI)  |b European University Institute  |c 2000 
300 |a 41 s. 
490 1 |a EUI Working paper ECO  |v No. 2002/2 
830 0 |a EUI Working paper ECO  |v No. 2002/2 
610 2 0 |a stabilita hospodárstva 
610 2 0 |a stabilita meny 
610 2 0 |a Európa 
610 2 0 |a Európska únia 
610 2 0 |a Európske spoločenstvá 
610 2 0 |a simulácia stochastická 
610 2 0 |a politika fiškálna 
610 2 0 |a smernice 
100 1 |a Barrell, Ray 
700 1 |a Pina, Álvaro M.